[Event "Morphy"]
[Site "Gatineau CAN"]
[Date "2025.01.21"]
[Round "2"]
[White "Collin, Achille"]
[Black "Gagne, Raphael"]
[Result "1-0"]
[WhiteElo "1407"]
[BlackElo "1278"]
[WhiteFideId "-1"]
[WhiteFideId "-1"]
[PlyCount "99"]
[GameId "2138721250798948"]
[EventDate "2025.01.14"]
[EventType "swiss"]
[EventRounds "7"]
[EventCountry "CAN"]

1. c4 e5 2. Nc3 Nf6 3. e3 Nc6 4. d4 exd4 5. exd4 d6 $6 6. Nf3 Bf5 $6 7. d5 Ne7 $6 8. Bd3 $2 g6 9. O-O Bg7 10. Bxf5 $1 Nxf5 11. Re1+ $1 Ne7 12. Qa4+ $2 Qd7 $1 13. Qxd7+ Kxd7 14. Bg5 h6 15. Bxf6 Bxf6 16. Re2 Rhe8 17. Rae1 Nf5 $6 18. Ne4 Bg7 19. Ng3 $2 Nd4 20. Nxd4 Bxd4 21. b3 Bc3 $6 22. Rxe8 Rxe8 23. Rxe8 Kxe8 24. Ne4 Bd4 25. Kf1 Ke7 26. f3 f5 27. Nf2 Kf6 28. Nd3 c6 $2 29. dxc6 $1 bxc6 30. Ke2 $2 d5 $6 31. cxd5 cxd5 32. Nf4 Ke5 $4 33. Nxg6+ Kd6 34. Kd3 Bg1 35. h4 d4 $6 36. g4 fxg4 37. fxg4 Ke6 38. Nf4+ Ke5 39. g5 hxg5 40. hxg5 Kf5 41. Ne2 Bh2 $6 42. Nxd4+ Kxg5 43. Nf3+ Kf5 44. Nxh2 Ke5 45. Kc4 Kd6 46. Kb5 Kc7 47. a4 Kd6 48. Ka6 Kc5 49. Kxa7 Kb4 50. Kb6 1-0

[Event "Morphy"]
[Site "Gatineau CAN"]
[Date "2025.01.21"]
[Round "2"]
[White "Desjardins, Michel"]
[Black "Thibault, Mario"]
[Result "1-0"]
[WhiteElo "1912"]
[BlackElo "1545"]
[WhiteFideId "-1"]
[WhiteFideId "-1"]
[PlyCount "79"]
[GameId "2138721250794847"]
[EventDate "2025.01.14"]
[EventType "swiss"]
[EventRounds "7"]
[EventCountry "CAN"]

1. e4 c5 2. c3 d5 3. exd5 Qxd5 4. d4 g6 5. Nf3 Bg7 6. Be3 cxd4 7. Bxd4 Nf6 8. Nbd2 O-O 9. Bc4 Qc6 10. O-O Nbd7 11. Qb3 e6 12. Rad1 a6 13. a4 Nc5 14. Qa3 Nxa4 15. Ne5 Qe8 16. b3 b5 17. Be2 Nxc3 18. Bxc3 Nd5 19. Bb2 Bb7 20. Ndf3 f6 21. Nd3 Qf7 22. Nd2 Rac8 23. Rc1 Bh6 24. Rxc8 Rxc8 25. Ne4 Bf8 26. Qa1 e5 27. Bf3 Rd8 28. Rd1 Rc8 29. Rc1 Rd8 30. Nec5 Bh6 31. Nxb7 Qxb7 32. Rd1 Qb6 33. Nxe5 Qe6 34. Ng4 Bg7 35. Rxd5 Rxd5 36. Bxd5 Qxd5 37. Bxf6 Qf5 38. Bxg7 Qxg4 39. Bh6 Qd7 40. b4 1-0

[Event "Morphy"]
[Site "Gatineau CAN"]
[Date "2025.01.21"]
[Round "2"]
[White "Filion, Yves"]
[Black "Berthiaume, Maxime"]
[Result "1-0"]
[WhiteElo "1398"]
[BlackElo "1211"]
[WhiteFideId "-1"]
[WhiteFideId "-1"]
[PlyCount "37"]
[GameId "2138721250790750"]
[EventDate "2025.01.14"]
[EventType "swiss"]
[EventRounds "7"]
[EventCountry "CAN"]

1. d4 Nf6 2. Nf3 e6 3. e3 c5 4. c3 Nc6 5. Nbd2 cxd4 6. exd4 Be7 7. Bd3 O-O 8. Ne4 Nxe4 9. Bxe4 f5 10. Bc2 Qb6 11. O-O Qc7 12. Re1 b6 13. d5 Nd8 14. Bb3 Qd6 15. Qd3 Nf7 16. Bd2 g5 17. h3 g4 18. hxg4 fxg4 19. Bc2 1-0

[Event "Morphy"]
[Site "Gatineau CAN"]
[Date "2025.01.21"]
[Round "2"]
[White "Lattafi, Youcef"]
[Black "Filion, Samuel"]
[Result "1-0"]
[WhiteElo "1862"]
[BlackElo "1677"]
[WhiteFideId "-1"]
[WhiteFideId "-1"]
[PlyCount "107"]
[GameId "2136988882833521"]
[EventDate "2025.01.14"]
[EventType "swiss"]
[EventRounds "7"]
[EventCountry "CAN"]

1. e4 e6 2. d4 d5 3. e5 c5 4. Nf3 cxd4 5. Bd3 Bb4+ 6. Nbd2 Nc6 7. O-O Nge7 8. Nb3 Ng6 9. a3 Be7 10. Re1 O-O 11. Nbxd4 Nxd4 12. Nxd4 Bd7 13. c3 Rc8 14. g3 Bg5 15. h4 Bxc1 16. Rxc1 Re8 17. h5 Ne7 18. Bb1 Nf5 19. Bxf5 exf5 20. Qf3 Qg5 21. Rcd1 Be6 22. Ne2 Red8 23. Rd4 Rc7 24. Nf4 Rcd7 25. Red1 h6 26. R1d2 b5 27. a4 bxa4 28. Rxa4 Rb7 29. Qe3 Rdb8 30. b4 Rc8 31. Ra6 Rbc7 32. Rd3 Qe7 33. Rd6 Rc4 34. f3 Qc7 35. Ne2 Qb7 36. Rd1 R4c6 37. Rxc6 Rxc6 38. Nd4 Rc4 39. Ra1 a6 40. Ra3 Kh7 41. Qd3 Qc8 42. g4 g6 43. hxg6+ fxg6 44. gxf5 Bxf5 45. Qe3 Be6 46. b5 axb5 47. Ra7+ Kg8 48. Qxh6 Bf7 49. e6 Rc7 50. exf7+ Rxf7 51. Qxg6+ Kh8 52. Rxf7 Qg4+ 53. fxg4 b4 54. Rf8# 1-0

[Event "Morphy"]
[Site "Gatineau CAN"]
[Date "2025.01.21"]
[Round "2"]
[White "Scantland, Patrick"]
[Black "Dupont-Mageau, Nicolas"]
[Result "0-1"]
[WhiteElo "1635"]
[BlackElo "1848"]
[WhiteFideId "-1"]
[WhiteFideId "-1"]
[PlyCount "78"]
[GameId "2138721250794848"]
[EventDate "2025.01.14"]
[EventType "swiss"]
[EventRounds "7"]
[EventCountry "CAN"]

1. e4 c5 2. Nf3 Nc6 3. d4 cxd4 4. Nxd4 g6 5. c4 Bg7 6. Be3 Qb6 7. Nxc6 Qxc6 8. Qc2 Nf6 9. Nc3 Ng4 10. Nd5 e6 11. Be2 exd5 12. exd5 Nxe3 13. Qe4+ Kd8 14. dxc6 Bxb2 15. Qxe3 Bxa1 16. O-O Bg7 17. Bf3 bxc6 18. Rd1 Re8 19. Qg5+ f6 20. Qf4 Ke7 21. Qd6+ Kf7 22. Qc7 Kg8 23. h4 f5 24. Qg3 Ba6 25. h5 Re6 26. Qc7 Bxc4 27. Qxd7 Bf6 28. hxg6 hxg6 29. Qb7 Rae8 30. Qxa7 Re1+ 31. Rxe1 Rxe1+ 32. Kh2 Ra1 33. a4 Be5+ 34. g3 Bd5 35. Bxd5+ cxd5 36. Qa8+ Kg7 37. Qxd5 Kf6 38. a5 f4 39. g4 f3+ 0-1

[Event "Morphy"]
[Site "Gatineau CAN"]
[Date "2025.01.28"]
[Round "3"]
[White "Arsenault, Michel"]
[Black "Desjardins, Michel"]
[Result "0-1"]
[Annotator "Desjardins,Mike"]
[WhiteElo "1837"]
[BlackElo "1912"]
[WhiteFideId "-1"]
[WhiteFideId "-1"]
[PlyCount "80"]
[GameId "2139506882707526"]
[EventDate "2025.01.14"]
[EventType "swiss"]
[EventRounds "7"]
[EventCountry "CAN"]

1. c4 c6 2. e4 d5 3. exd5 cxd5 4. cxd5 Nf6 5. Qa4+ Bd7 6. Qb3 Qb6 7. Qxb6 axb6 8. Nc3 Na6 9. Nf3 Nb4 10. Nd4 Nfxd5 11. Nxd5 Nxd5 12. Bc4 e6 13. O-O Bc5 14. Nb3 Bd6 15. Bxd5 exd5 16. Re1+ Kd8 17. d4 Re8 18. Bd2 Rxe1+ 19. Bxe1 Bb5 20. a3 Ba4 21. Nc1 Bb5 22. g3 Kd7 23. f3 Be7 24. Kf2 Bf6 25. Bc3 Re8 26. a4 Ra8 27. b3 Rc8 28. axb5 Rxc3 29. Ne2 Rxb3 30. Ra7 Kc7 31. Ra8 Rxb5 32. Rf8 Rb3 33. Rxf7+ Kc6 34. g4 b5 35. g5 Bxg5 36. Rxg7 Be3+ 37. Kf1 Rb1+ 38. Kg2 Re1 39. Ng3 b4 40. Rxh7 b3 0-1

[Event "Morphy"]
[Site "Gatineau CAN"]
[Date "2025.01.28"]
[Round "3"]
[White "Blais, Robert"]
[Black "Bergeron-Collin, Laurent"]
[Result "0-1"]
[WhiteElo "1405"]
[BlackElo "1070"]
[WhiteFideId "-1"]
[WhiteFideId "-1"]
[PlyCount "46"]
[GameId "2140093416366793"]
[EventDate "2025.01.14"]
[EventType "swiss"]
[EventRounds "7"]
[EventCountry "CAN"]

1. e4 c6 2. d4 d5 3. e5 c5 4. c3 e6 5. Nf3 Nc6 6. Be3 Qb6 7. Qd2 Nh6 8. Bxh6 gxh6 9. Be2 Bd7 10. O-O O-O-O 11. b3 cxd4 12. cxd4 h5 13. Qf4 Be8 14. Nbd2 Bb4 15. Rfc1 Ba3 16. Rc2 Kb8 17. Nb1 Qb4 18. Qf6 Bd7 19. Qxf7 Nxd4 20. Nxa3 Nxf3+ 21. Bxf3 Qxa3 22. Rac1 Rc8 23. Qxd7 Qxc1+ 0-1

[Event "Morphy"]
[Site "Gatineau CAN"]
[Date "2025.01.28"]
[Round "3"]
[White "Latreille, Etienne"]
[Black "Azar, Sebastien"]
[Result "1-0"]
[WhiteElo "2075"]
[BlackElo "2180"]
[WhiteFideId "-1"]
[WhiteFideId "-1"]
[PlyCount "107"]
[GameId "2139506882707522"]
[EventDate "2025.01.14"]
[EventType "swiss"]
[EventRounds "7"]
[EventCountry "CAN"]
[TimeControl "90+30"]

1. e4 c5 2. Nf3 d6 3. Bb5+ Nd7 4. a4 Ngf6 5. Nc3 g6 6. O-O a6 7. Be2 Bg7 8. a5 O-O 9. d4 cxd4 10. Nxd4 Nc5 11. Bf3 e5 12. Nb3 Nxb3 13. cxb3 Be6 14. Be3 Qe7 15. Bg5 Rfc8 16. Na4 Rc6 17. Nb6 Rb8 18. Qd3 Qc7 19. Rfd1 Nd7 20. Nd5 Bxd5 21. Qxd5 Bf8 22. Bd2 b6 23. b4 b5 24. Bc3 Rc4 25. Be2 Nf6 26. Bxc4 Nxd5 27. Bxd5 h5 28. Rd3 Bh6 29. Rad1 Rd8 30. Bb3 Qe7 31. Rd5 Bg5 32. g3 h4 33. R1d3 Qc7 34. f4 Qa7+ 35. Kf1 hxg3 36. hxg3 Be7 37. fxe5 Qd7 38. Bd1 Qh3+ 39. Kg1 Kh7 40. g4 Qh6 41. Kg2 Bh4 42. Rxd6 Rxd6 43. exd6 Qf4 44. Rh3 Qf2+ 45. Kh1 Qf1+ 46. Kh2 Qf2+ 47. Kh1 g5 48. Rf3 Qa7 49. Bb3 f5 50. Be6 Kh6 51. Bxf5 Qa8 52. d7 Bg3 53. Rd3 Bc7 54. Rh3# 1-0

[Event "Morphy"]
[Site "Gatineau CAN"]
[Date "2025.01.28"]
[Round "3"]
[White "Seguin, Hubert"]
[Black "Chenier, Raphael"]
[Result "1/2-1/2"]
[WhiteElo "1527"]
[BlackElo "1723"]
[WhiteFideId "-1"]
[WhiteFideId "-1"]
[PlyCount "91"]
[GameId "2139506882707523"]
[EventDate "2025.01.14"]
[EventType "swiss"]
[EventRounds "7"]
[EventCountry "CAN"]

1. e4 c5 2. Nc3 d6 3. g3 Nc6 4. Bg2 g6 5. d3 Bg7 6. Nf3 Nf6 7. O-O O-O 8. Re1 Nd7 9. Be3 Rb8 10. d4 cxd4 11. Nxd4 Nce5 12. Qe2 Nc5 13. Nb3 b6 14. Red1 Ba6 15. Qe1 Nc4 16. Rab1 Nxe3 17. Qxe3 Bb7 18. Nd5 Bxd5 19. exd5 Nxb3 20. axb3 Qc7 21. c3 Rfe8 22. Ra1 a5 23. Ra4 b5 24. Re4 a4 25. b4 Ra8 26. Re1 Be5 27. f4 f5 28. Rxe5 dxe5 29. fxe5 Qa7 30. Qc5 Qa6 31. Bf1 Rab8 32. c4 Rbc8 33. cxb5 Qb7 34. Qd4 Red8 35. Bc4 Kg7 36. d6 Rxc4 37. Qxc4 exd6 38. Qc6 Qe7 39. b6 dxe5 40. b5 Rb8 41. Qc7 Rb7 42. Qxe7+ Rxe7 43. Rc1 Re8 44. Rc7+ Kh6 45. Kf2 e4 46. Ke3 1/2-1/2

[Event "Morphy"]
[Site "Gatineau CAN"]
[Date "2025.01.28"]
[Round "3"]
[White "Thibault, Mario"]
[Black "Filion, Yves"]
[Result "1/2-1/2"]
[WhiteElo "1545"]
[BlackElo "1398"]
[WhiteFideId "-1"]
[WhiteFideId "-1"]
[PlyCount "96"]
[GameId "2141576361431126"]
[EventDate "2025.01.14"]
[EventType "swiss"]
[EventRounds "7"]
[EventCountry "CAN"]

1. e4 d5 2. exd5 Qxd5 3. d4 Qd8 4. Be3 c6 5. Be2 Nf6 6. Nf3 Bf5 7. h3 Qb6 8. Qc1 Nd5 9. Bd2 Nb4 10. Bxb4 Qxb4+ 11. c3 Qd6 12. Nbd2 Nd7 13. O-O O-O-O 14. b4 f6 15. a4 e5 16. Nc4 Qc7 17. Ne3 Be6 18. b5 Nb6 19. a5 Nd5 20. bxc6 Qxc6 21. c4 Nf4 22. Qb2 Nxe2+ 23. Qxe2 exd4 24. Nd5 Bxd5 25. cxd5 Qxd5 26. Nxd4 Kb8 27. Nf3 Bb4 28. a6 b6 29. Rfd1 Qc6 30. Rdc1 Bc5 31. Qc2 Rd5 32. Qb1 Ka8 33. Ra2 g6 34. Re1 Rhd8 35. Rae2 Qd7 36. Qe4 Kb8 37. Qf4+ Qd6 38. Qh4 h5 39. Qa4 Rd1 40. Qe4 Rxe1+ 41. Rxe1 Qd5 42. Qxg6 Qd6 43. Qe4 Qd5 44. Qg6 Bb4 45. Rf1 Bc3 46. Qh7 Rd7 47. Qh8+ Rd8 48. Qg7 Rd7 1/2-1/2

[Event "Morphy"]
[Site "Gatineau CAN"]
[Date "2025.01.28"]
[Round "3"]
[White "Trahan, Benjamin"]
[Black "Collin, Achille"]
[Result "1-0"]
[WhiteElo "1258"]
[BlackElo "1407"]
[WhiteFideId "-1"]
[WhiteFideId "-1"]
[PlyCount "80"]
[GameId "2140093416366794"]
[EventDate "2025.01.14"]
[EventType "swiss"]
[EventRounds "7"]
[EventCountry "CAN"]

1. d4 d6 2. Bf4 Nf6 3. Nf3 g6 4. e3 Bg7 5. c3 O-O 6. Bd3 Bg4 7. h3 Bxf3 8. Qxf3 c6 9. Nd2 Nbd7 10. g4 e5 11. Bg3 Nb6 12. h4 exd4 13. exd4 Re8+ 14. Kd1 h5 15. gxh5 gxh5 16. Qf5 d5 17. Be5 Qd7 18. Qg5 Qg4+ 19. f3 Qxg5 20. hxg5 Nfd7 21. Bxg7 Kxg7 22. Rxh5 Re3 23. Rh7+ Kg8 24. Bf5 Rae8 25. Kc2 Re1 26. Rxe1 Rxe1 27. Rh6 Rg1 28. Bxd7 Nxd7 29. Rd6 Nb6 30. Rd8+ Kg7 31. Rb8 Rg2 32. b3 Rxg5 33. Rxb7 Nc8 34. Rc7 Nd6 35. Rxc6 Nf5 36. Kd3 Nh4 37. Ke3 Ng2+ 38. Kf2 Nf4 39. Ra6 Rg2+ 40. Ke3 Ne2 1-0

[Event "Morphy"]
[Site "Gatineau CAN"]
[Date "2025.01.28"]
[Round "3"]
[White "Viel, Simon"]
[Black "Laflamme, Mathieu"]
[Result "1/2-1/2"]
[WhiteElo "1525"]
[BlackElo "1363"]
[WhiteFideId "-1"]
[WhiteFideId "-1"]
[PlyCount "103"]
[GameId "2139506882707524"]
[EventDate "2025.01.14"]
[EventType "swiss"]
[EventRounds "7"]
[EventCountry "CAN"]

1. e4 c6 2. d4 d5 3. e5 c5 4. dxc5 Nc6 5. f4 e6 6. Be3 Qa5+ $2 7. c3 Nh6 $6 8. Nf3 $6 Nf5 9. Bd2 $2 Qxc5 10. b4 Qb6 11. Qe2 $2 d4 12. Qb5 $4 dxc3 $1 13. Nxc3 Qxb5 14. Nxb5 Kd7 $2 15. Rd1 a6 16. Be3+ Bd6 $6 17. Nxd6 $2 Nxe3 18. Rd2 Ke7 19. a3 Nxf1 $2 20. Rxf1 Rb8 21. Kf2 h6 $2 22. Rc1 $6 Bd7 23. Rc4 Rhd8 24. Nd4 $2 Be8 25. Nb3 Kf8 $2 26. Ke3 Na7 $2 27. Rc7 $6 Rd7 $6 28. Nxe8 $2 Rxd2 29. Kxd2 $6 Nb5 30. Rc5 Kxe8 31. a4 Na7 32. Rc7 Nc6 $6 33. b5 $2 axb5 34. axb5 Nb4 $6 35. Nc5 b6 $2 36. Na6 Nd5 37. Nxb8 $4 Nxc7 38. Nc6 Nxb5 39. Kd3 Kd7 40. Nb4 Nc7 $6 41. Kc4 f6 $6 42. exf6 $6 gxf6 43. g3 Kd6 44. Kd4 Nd5 45. Nd3 $6 b5 46. h4 $6 Ne7 47. g4 Ng6 48. g5 fxg5 49. fxg5 hxg5 $2 50. hxg5 Nh4 51. Ke4 e5 52. Nxe5 1/2-1/2

[Event "Morphy"]
[Site "Gatineau CAN"]
[Date "2025.02.04"]
[Round "4"]
[White "Azar, Sebastien"]
[Black "Seguin, Hubert"]
[Result "1-0"]
[WhiteElo "2180"]
[BlackElo "1527"]
[WhiteFideId "-1"]
[WhiteFideId "-1"]
[PlyCount "65"]
[GameId "2143845680812890"]
[EventDate "2025.01.14"]
[EventType "swiss"]
[EventRounds "7"]
[EventCountry "CAN"]

1. Nf3 d5 2. d4 Nf6 3. c4 c6 4. Nc3 Bf5 5. cxd5 cxd5 6. Qb3 b6 7. Bf4 Nc6 8. e3 Na5 9. Bb5+ Bd7 10. Qa4 e6 11. Ne5 Be7 12. b4 Nc4 13. Nxd7 Nxd7 14. Bc6 Nb2 15. Qc2 Nc4 16. Bxa8 Qxa8 17. a3 O-O 18. O-O Rc8 19. Rfc1 b5 20. Nxb5 Ncb6 21. Qe2 Nc4 22. e4 Qb7 23. Nc3 Bf6 24. exd5 exd5 25. Qf3 Bxd4 26. Qxd5 Qxd5 27. Nxd5 Kf8 28. Ra2 Ndb6 29. Nxb6 Nxb6 30. Rxc8+ Nxc8 31. Rd2 Bf6 32. Rd7 Ke8 33. Rc7 1-0

[Event "Morphy"]
[Site "Gatineau CAN"]
[Date "2025.02.04"]
[Round "4"]
[White "Bergeron-Collin, Laurent"]
[Black "Arsenault, Michel"]
[Result "0-1"]
[WhiteElo "1070"]
[BlackElo "1837"]
[WhiteFideId "-1"]
[WhiteFideId "-1"]
[PlyCount "118"]
[GameId "2143845680812888"]
[EventDate "2025.01.14"]
[EventType "swiss"]
[EventRounds "7"]
[EventCountry "CAN"]

1. c4 e5 2. Nc3 Nf6 3. Nf3 Nc6 4. e3 d5 5. b3 d4 6. Nd5 e4 7. Nxd4 Nxd4 8. exd4 Nxd5 9. cxd5 Bd6 10. d3 Qe7 11. Qe2 exd3 12. Qxe7+ Kxe7 13. Bxd3 Bd7 14. O-O f6 15. f4 Kf7 16. Bd2 h5 17. h4 Bg4 18. f5 Rhe8 19. Bf4 Rad8 20. Bxd6 Rxd6 21. Rf4 Be2 22. Bc4 Bxc4 23. bxc4 Re2 24. a4 Rb6 25. Rf2 Re4 26. Rd1 Rb4 27. c5 Rxa4 28. Rb2 b6 29. Rc2 Rexd4 30. Rxd4 Rxd4 31. d6 c6 32. cxb6 axb6 33. Rxc6 b5 34. Rc7+ Ke8 35. Rxg7 Rxd6 36. Rh7 Rb6 37. Rxh5 b4 38. Rh8+ Kf7 39. Ra8 b3 40. Ra1 Rb5 41. g4 Rb4 42. Kf2 Rxg4 43. Ra3 Rb4 44. Ra1 Rxh4 45. Rb1 b2 46. Ke2 Ke7 47. Kd3 Rb4 48. Kc3 Rb5 49. Re1+ Kd6 50. Rb1 Ke5 51. Rxb2 Rxb2 52. Kxb2 Kxf5 53. Kc2 Kf4 54. Kd2 Kf3 55. Ke1 Kg2 56. Ke2 f5 57. Ke3 Kg3 58. Ke2 f4 59. Ke1 Kg2 0-1

[Event "Morphy"]
[Site "Gatineau CAN"]
[Date "2025.02.04"]
[Round "4"]
[White "Chenier, Raphael"]
[Black "Viel, Simon"]
[Result "1-0"]
[WhiteElo "1723"]
[BlackElo "1525"]
[WhiteFideId "-1"]
[WhiteFideId "-1"]
[PlyCount "99"]
[GameId "2143845680866146"]
[EventDate "2025.01.14"]
[EventType "swiss"]
[EventRounds "7"]
[EventCountry "CAN"]

1. e4 c6 2. d4 d5 3. e5 c5 4. dxc5 Nc6 5. f4 e6 6. Be3 Nh6 7. c3 Nf5 8. Bf2 g5 9. Bd3 Nh4 10. Bxh4 gxh4 11. b4 Bd7 12. Nf3 b6 13. b5 Na5 14. c6 Bc8 15. Nbd2 Bc5 16. Nd4 Qc7 17. N2f3 a6 18. a4 Qe7 19. Qc2 h6 20. Qf2 Nb3 21. Rb1 Nxd4 22. cxd4 Bb4+ 23. Kf1 axb5 24. Bxb5 Ba6 25. Qxh4 Bxb5+ 26. axb5 Bc3 27. Qxe7+ Kxe7 28. Ke2 Ra2+ 29. Kd3 Ba5 30. g3 Ra3+ 31. Ke2 Ra2+ 32. Kf1 Ra3 33. Kg2 Rd3 34. Rhd1 Rxd1 35. Rxd1 Bc3 36. Rc1 Bb2 37. Rc2 Ba3 38. Ra2 Ra8 39. Ne1 Ra5 40. Nc2 Bc1 41. Rxa5 bxa5 42. b6 Kd8 43. b7 Kc7 44. Kf3 Bb2 45. Ke3 Bc3 46. Kd3 Bb2 47. f5 exf5 48. Ne3 a4 49. Nxd5+ Kb8 50. Nb4 1-0

[Event "Morphy"]
[Site "Gatineau CAN"]
[Date "2025.02.04"]
[Round "4"]
[White "Filion, Yves"]
[Black "Martin, Spencer"]
[Result "0-1"]
[WhiteElo "1398"]
[BlackElo "1777"]
[WhiteFideId "-1"]
[WhiteFideId "-1"]
[PlyCount "72"]
[GameId "2143845680866145"]
[EventDate "2025.01.14"]
[EventType "swiss"]
[EventRounds "7"]
[EventCountry "CAN"]

1. e4 e5 2. Nf3 Nf6 3. Nc3 Nc6 4. d4 Bb4 5. Bg5 h6 6. Bxf6 Qxf6 7. d5 Nd4 8. Be2 Nxe2 9. Qxe2 Bxc3+ 10. bxc3 O-O 11. O-O d6 12. Qc4 Qe7 13. Rab1 b6 14. Qd3 f5 15. Nd2 Qg5 16. Nf3 fxe4 17. Qxe4 Qe7 18. h3 Rf4 19. Qe3 Qf7 20. Rb4 Rxb4 21. cxb4 Qxd5 22. a3 Bb7 23. Nh4 Rf8 24. Nf3 Bc8 25. Nd2 Ba6 26. Rc1 Kh8 27. c4 Qf7 28. b5 Bb7 29. f3 Qf4 30. Qe2 Qg5 31. Rf1 Qf4 32. Rf2 Qd4 33. Nb3 Qc3 34. Qc2 Qe1+ 35. Kh2 Qe3 36. Qd2 Qxb3 0-1

[Event "Morphy"]
[Site "Gatineau CAN"]
[Date "2025.02.04"]
[Round "4"]
[White "Gagne, Raphael"]
[Black "Blais, Robert"]
[Result "1-0"]
[WhiteElo "1278"]
[BlackElo "1405"]
[WhiteFideId "-1"]
[WhiteFideId "-1"]
[PlyCount "56"]
[GameId "2143845680485206"]
[EventDate "2025.01.14"]
[EventType "swiss"]
[EventRounds "7"]
[EventCountry "CAN"]
[TimeControl "1"]

1. d4 f5 2. Bf4 d5 3. e3 Nf6 4. Nd2 e6 5. Ngf3 Bd6 6. Bg3 Bxg3 7. hxg3 Nc6 8. c4 Bd7 9. a3 a5 10. Be2 Qe7 11. Ne5 O-O-O 12. Nxd7 Rxd7 13. Qa4 dxc4 14. Nxc4 Nd5 15. Nxa5 Nb6 16. Nxc6 Nxa4 17. Nxe7+ Rxe7 18. b3 Nc3 19. Bd3 g6 20. Kd2 Nd5 21. Rac1 Rd8 22. Rc5 Rd6 23. Rhc1 c6 24. b4 Rc7 25. b5 Kd7 26. Bc4 b6 27. Rxc6 Rcxc6 28. bxc6+ Rxc6 1-0

[Event "Morphy"]
[Site "Gatineau CAN"]
[Date "2025.02.04"]
[Round "4"]
[White "Laflamme, Mathieu"]
[Black "Collin, Achille"]
[Result "1-0"]
[WhiteElo "1363"]
[BlackElo "1407"]
[WhiteFideId "-1"]
[WhiteFideId "-1"]
[PlyCount "131"]
[GameId "2143845680812889"]
[EventDate "2025.01.14"]
[EventType "swiss"]
[EventRounds "7"]
[EventCountry "CAN"]

1. d4 d6 2. c4 Nf6 3. Nf3 g6 4. g3 Bg7 5. Bg2 O-O 6. O-O c6 7. Nc3 Bg4 8. e4 Bxf3 9. Bxf3 e5 10. dxe5 dxe5 11. Qb3 Qb6 12. Rd1 Nbd7 13. Bg5 Rad8 14. Qxb6 Nxb6 15. b3 h6 16. Be3 Rd7 17. Rxd7 Nfxd7 18. Rd1 f5 19. c5 fxe4 20. Bxe4 Nd5 21. Nxd5 cxd5 22. Bxd5+ Kh7 23. Bxb7 Nxc5 24. Bxc5 Rf7 25. Ba6 Rc7 26. b4 g5 27. Bd3+ Kg8 28. Bf5 a5 29. Bg6 Bf6 30. Bb6 Rb7 31. Bxa5 Be7 32. a3 Kg7 33. Bf5 Kf6 34. Be4 Ra7 35. Rd3 h5 36. Bd8 Bxd8 37. Rxd8 Rxa3 38. b5 Rb3 39. Bc6 h4 40. gxh4 gxh4 41. Rf8+ Ke7 42. Rf3 Rb4 43. h3 Kd6 44. Rd3+ Ke7 45. Re3 Ke6 46. Re4 Rb3 47. Rxh4 Kd6 48. Kg2 Kc5 49. Rg4 Rb2 50. h4 Rd2 51. h5 Rd8 52. f3 Rh8 53. Rh4 Kd6 54. h6 Ke6 55. h7 Kf6 56. Be4 Kf7 57. b6 Kf6 58. b7 Kf7 59. Rg4 Rd8 60. Rg8 Rd2+ 61. Kg3 Rd1 62. h8=Q Rg1+ 63. Kf2 Rd1 64. Qg7+ Ke6 65. Re8+ Kd6 66. Qe7# 1-0

[Event "Morphy"]
[Site "Gatineau CAN"]
[Date "2025.02.04"]
[Round "4"]
[White "Lattafi, Youcef"]
[Black "Latreille, Etienne"]
[Result "1/2-1/2"]
[WhiteElo "1862"]
[BlackElo "2075"]
[WhiteFideId "-1"]
[WhiteFideId "-1"]
[PlyCount "105"]
[GameId "2143845680829279"]
[EventDate "2025.01.14"]
[EventType "swiss"]
[EventRounds "7"]
[EventCountry "CAN"]
[TimeControl "1"]

1. e4 c5 2. Nf3 Nc6 3. d4 cxd4 4. Nxd4 g6 5. Nc3 Bg7 6. Be3 Nf6 7. Nb3 O-O 8. Qd2 d6 9. f3 Be6 10. O-O-O a6 11. Bh6 Rc8 12. h4 Bxh6 13. Qxh6 Nb4 14. Kb1 Qb6 15. h5 Qf2 16. Bd3 Nxd3 17. cxd3 Bxb3 18. axb3 Rc5 19. hxg6 fxg6 20. Rd2 Qg3 21. d4 Rh5 22. Rxh5 Nxh5 23. Nd5 Qe1+ 24. Ka2 Rf7 25. Rc2 Qa5+ 26. Kb1 Qd8 27. Nb6 Rf8 28. Rc8 Qxc8 29. Nxc8 Rxc8 30. Qg5 Rc7 31. Qd5+ Kf8 32. e5 Nf4 33. Qe4 dxe5 34. g3 $2 (34. Qxe5 Rc1+ 35. Ka2 Nd3 36. Qh8+ Kf7 37. Qxh7+ Kf6 38. b4 $16) 34... Nh5 35. Qxe5 $6 Rd7 36. Qh8+ Kf7 37. Qxh7+ Ng7 38. Qh3 Rxd4 39. Qc8 Rb4 40. Qc5 Rb5 41. Qc4+ Ne6 42. f4 g5 43. Qe4 gxf4 44. gxf4 Kf6 45. b4 Ng7 46. Qd4+ Kf7 47. Qc4+ Kf6 48. Qc3+ Kf7 49. Kc2 Nf5 50. Qh8 Nd6 51. Qh7+ Kf8 52. Qh6+ Kf7 53. Qh7+ 1/2-1/2

[Event "Morphy"]
[Site "Gatineau CAN"]
[Date "2025.02.04"]
[Round "4"]
[White "Thompson, Francis"]
[Black "Vezina, Yannick"]
[Result "1-0"]
[WhiteElo "1777"]
[BlackElo "1538"]
[WhiteFideId "-1"]
[WhiteFideId "-1"]
[PlyCount "63"]
[GameId "2149659238342754"]
[EventDate "2025.01.14"]
[EventType "swiss"]
[EventRounds "7"]
[EventCountry "CAN"]

1. c4 e5 2. e3 c6 3. Nc3 d5 4. d4 e4 5. Qb3 Nf6 6. Nge2 a5 7. cxd5 cxd5 8. Nf4 Bb4 9. Bd2 Be6 10. a3 Bxc3 11. bxc3 Qc7 12. Rb1 Ra7 13. Nxe6 fxe6 14. Be2 O-O 15. O-O Nbd7 16. c4 b6 17. Rfc1 Qd6 18. h3 h6 19. Qa4 e5 20. Bb4 axb4 21. Qxa7 bxa3 22. c5 bxc5 23. dxc5 Qc6 24. Qxa3 d4 25. Bb5 Qc7 26. c6 Nb6 27. Qc5 Rd8 28. Bc4+ Nbd5 29. Rb7 Qc8 30. Qe7 Ne8 31. Qf7+ Kh8 32. Bxd5 1-0

[Event "Morphy"]
[Site "Gatineau CAN"]
[Date "2025.02.25"]
[Round "4"]
[White "Azar, Sebastien"]
[Black "Chenier, Raphael"]
[Result "1-0"]
[WhiteElo "2180"]
[BlackElo "1723"]
[WhiteFideId "-1"]
[WhiteFideId "-1"]
[PlyCount "41"]
[GameId "2149659239907428"]
[EventDate "2025.01.14"]
[EventType "swiss"]
[EventRounds "7"]
[EventCountry "CAN"]

1. Nf3 c5 2. e4 d6 3. d4 cxd4 4. Nxd4 Nf6 5. Nc3 a6 6. a3 e5 7. Nf5 d5 8. Bg5 d4 9. Bxf6 gxf6 10. Na2 Bxf5 11. exf5 Qd5 12. Be2 e4 13. O-O Nc6 14. f3 Bd6 15. Nc3 Qe5 16. f4 Qe7 17. Nd5 Qd8 18. Bc4 Rc8 19. Qh5 O-O 20. Rae1 Na5 21. Rxe4 1-0

[Event "Morphy"]
[Site "Gatineau CAN"]
[Date "2025.02.11"]
[Round "5"]
[White "Arsenault, Michel"]
[Black "Lattafi, Youcef"]
[Result "0-1"]
[WhiteElo "1837"]
[BlackElo "1862"]
[WhiteFideId "-1"]
[WhiteFideId "-1"]
[PlyCount "100"]
[GameId "2145692553323179"]
[EventDate "2025.01.14"]
[EventType "swiss"]
[EventRounds "7"]
[EventCountry "CAN"]
[WhiteTeam "CA"]
[TimeControl "1"]

1. c4 e5 2. g3 h5 $5 3. Bg2 h4 4. g4 Bc5 5. Nc3 Nc6 6. e3 Nb4 7. d3 a5 8. a3 Na6 9. h3 c6 10. Nge2 d6 11. d4 Bb6 12. b4 Nc7 13. dxe5 dxe5 14. Qxd8+ Kxd8 15. c5 Ba7 16. Bb2 Nf6 17. O-O Ke7 18. f4 Be6 19. g5 Nd7 20. Rad1 f6 21. gxf6+ gxf6 22. Ne4 Rhg8 23. Kh1 Nd5 24. f5 Bf7 25. Rd3 axb4 26. axb4 Bb8 27. Ra1 Rxa1+ 28. Bxa1 Bc7 29. N2c3 Ra8 30. Bb2 Nxb4 31. Rd2 Nd5 32. Nd6 Nxc3 33. Nxf7 Nxc5 34. Bxc3 Kxf7 35. Bf3 Ke7 36. Bb4 Ra1+ 37. Kg2 Bd6 38. Rb2 Ra7 39. Rc2 Ne4 40. Rc4 Bxb4 41. Rxb4 Nd6 42. Rxh4 Nxf5 43. Rh7+ Kd6 44. e4 Ra2+ 45. Kg1 Nd4 46. Bg4 b5 47. Rf7 b4 48. Rxf6+ Kc5 49. Rf1 b3 50. Rc1+ Kb4 0-1